000 01549nam0a2200349 4500
001 RU\NLR\bibl\33939
005 20260406134227.0
035 _a(NLR Aleph) 000033086
090 _a167337
_c167337
100 _a19990618d1999 |||y0rusy50 ca
101 0 _arus
102 _aRU
105 _a|||||||||||||
200 1 _aИсповедую любовь
_eСб. жен. лирики под авт. ред.
_fПоэтов сиверское братство
_g[Вступ. ст.: Гажев Б.Н., акад.]
210 _aГатчина
_cБ.и.
_d1999
215 _a119 с.
_d20
300 _aИзд. за счет средств авторов
327 1 _aСодерж.: Авт.: Нина Булатникова, Лилия Гузик, Елена Заливако, Елена Кириллова, Алла Кошмелюк, Зоя Ли, Людмила Мартынова, Людмила Сойту, Вера Толчина, Галина Хохлова, Татьяна Шестакова
686 _aШ6(2=Р)75-98
686 _aШ6(2=Р)75-5
686 _aШ6(2=Р)75-999
711 0 2 _4070
_a"Поэтов сиверское братство", литературное объединение
_cЛенинградская обл.
_3RU\NLR\AUTH\889917274
_9330720
801 0 _aRU
_bNLR
_c19990618
_gPSBO
801 1 _aRU
_bNLR
_c19990618
852 _aNLR
_j99-3/5396
942 _cBOOK
980 _aNB